Kraje w Unii Europejskiej - nagła śmierć - Statystyki

Ogólne statystyki
  • Ten quiz został rozwiązany 335 razy
  • Średni wynik to 15 z 27
Answers on the Grid
Answers color-coded by a green-red scale on the quiz's grid according to % correct below.
Włochy
Czechy
Norwegia
Dania
Mołdawia
Irlandia
Turcja
Estonia
Rumunia
Niemcy
Monako
Szwajcaria
Liechtenstein
Słowacja
Albania
Islandia
Luksemburg
Finlandia
Szwecja
Chorwacja
Polska
Bułgaria
Wielka Brytania
Gruzja
Belgia
Francja
Łotwa
Grecja
Hiszpania
Cypr
Węgry
Bośnia i Hercegowina
Austria
Litwa
Malta
Niderlandy
Kosowo
Portugalia
Słowenia
 
Statystyki odpowiedzi
Odpowiedź % Poprawnych
Włochy
74%
Czechy
69%
Niemcy
64%
Polska
63%
Dania
61%
Hiszpania
61%
Francja
59%
Belgia
57%
Rumunia
55%
Węgry
55%
Litwa
54%
Portugalia
54%
Austria
53%
Chorwacja
53%
Łotwa
53%
Słowacja
53%
Estonia
52%
Grecja
52%
Słowenia
52%
Irlandia
51%
Niderlandy
51%
Szwecja
50%
Bułgaria
48%
Finlandia
45%
Luksemburg
41%
Malta
41%
Cypr
36%
Nie znaleziono quizów pasujących do podanych kryteriów
Rozkład punktacji
Procent ludzi z każdym wynikiem
Percentyl według liczby udzielonych odpowiedzi
Twoja historia wyników
Nie rozwiązałeś tego quizu